[Event "HUN-chT2 Breyer 1415"]
[Site "Hungary"]
[Date "2015.03.22"]
[Round "?"]
[White "Paulovics, Gyorgy"]
[Black "Papp, Gabor2222"]
[Result "1/2-1/2"]
[WhiteElo "1890"]
[BlackElo "1681"]
[PlyCount "110"]
[EventDate "2014.09.07"]
[EventType "team-tourn"]
[EventRounds "11"]
[EventCountry "HUN"]
[SourceTitle "EXT 2016"]
[Source "ChessBase"]
[SourceDate "2015.10.08"]
[SourceVersion "1"]
[SourceVersionDate "2015.10.08"]
[SourceQuality "1"]
[WhiteTeam "Torokbalint"]
[BlackTeam "Szechenyi"]
[WhiteTeamCountry "HUN"]
[BlackTeamCountry "HUN"]

1. d4 Nf6 2. c4 g6 3. Nc3 d5 4. Nf3 Bg7 5. e3 0-0 6. Be2 dxc4 7. Bxc4 c5 8. 0-0 b6 9. dxc5 bxc5 10. Qc2 Nc6 11. a3 a6 12. Bd2 Qc7 13. Rad1 e6 14. Na4 Nd7 15. Bc3 Nce5 16. Be2 Bb7 17. Nxe5 Nxe5 18. f4 Nd7 19. Bxg7 Kxg7 20. b4 Rac8 21. Rc1 Rfd8 22. Rfd1 e5 23. Qb2 Kg8 24. Nxc5 Nxc5 25. Rxc5 Rxd1+ 26. Bxd1 Qd7 27. Rxc8+ Bxc8 28. Bf3 exf4 29. exf4 Qd3 30. Kf2 h5 31. Be2 Qe4 32. Qe5 Qc2 33. Kg3 Be6 34. Bxa6 Qb3+ 35. Kh4 Qxa3 36. b5 Qe7+ 37. Qg5 Qb4 38. Bb7 Qe1+ 39. Qg3 Qb4 40. Bc6 Bc4 41. Qg5 Qe1+ 42. g3 Be6 43. Bd5 Bxd5 44. Qxd5 Qe2 45. h3 Qe7+ 46. Qg5 Qb7 47. Qe5 Qb6 48. Qg5 Kg7 49. Qe5+ Kg8 50. f5 Qd8+ 51. f6 Qd7 52. b6 Kh7 53. Qc5 Kg8 54. Qe5 Kh7 55. Qc7 Qd4+ 1/2-1/2

[Event "HUN-chT2 Breyer 0910"]
[Site "Hungary"]
[Date "2009.11.08"]
[Round "1"]
[White "Zalan, Janos"]
[Black "Paulovics, Gyorgy"]
[Result "1/2-1/2"]
[WhiteElo "2025"]
[BlackElo "1922"]
[PlyCount "63"]
[EventDate "2009.11.08"]
[EventType "team-tourn"]
[EventRounds "11"]
[EventCountry "HUN"]
[SourceTitle "EXT 2011"]
[Source "ChessBase"]
[SourceDate "2010.11.26"]
[SourceVersion "1"]
[SourceVersionDate "2010.11.26"]
[SourceQuality "1"]
[WhiteTeam "Gyor Komszomol"]
[BlackTeam "Torokbalint"]
[WhiteTeamCountry "HUN"]
[BlackTeamCountry "HUN"]

1. e4 c5 2. Nf3 e6 3. d4 cxd4 4. Nxd4 a6 5. Bd3 Nf6 6. 0-0 Qc7 7. Nc3 Be7 8. Kh1 Nc6 9. Nxc6 dxc6 10. f4 Bd7 11. Qe2 e5 12. f5 h5 13. Be3 b5 14. a3 Qb7 15. Bg5 a5 16. Qd2 b4 17. Ne2 c5 18. Bxf6 Bxf6 19. axb4 cxb4 20. Nc1 Bc6 21. Qe2 h4 22. h3 a4 23. Na2 Rd8 24. Rad1 0-0 25. c3 bxc3 26. Nxc3 Rd4 27. Bc4 Bg5 28. Bd5 Rb8 29. Qh5 Bf6 30. Rf2 Rd8 31. Bxc6 Qxc6 32. Qf3 1/2-1/2